| 000 | 00835nab a2200253 u 4500 | ||
|---|---|---|---|
| 001 | 23340 | ||
| 003 | HDC | ||
| 007 | cr bn ---aaaaa | ||
| 008 | 210319c20140603my dr|nes 0 a may d | ||
| 040 | _aHDC | ||
| 100 |
_aAzman Ibrahim _eauthor _98471 |
||
| 245 | 0 |
_aCGC sedia pembiayaan segmen baharu / Oleh _cAzman Ibrahim |
|
| 260 |
_aKuala Lumpur : _bUtusan Melayu (M) Bhd., _c2014 |
||
| 336 |
_atext _2rdacontent |
||
| 337 |
_acomputer _2rdamedia |
||
| 338 |
_aonline resource _2rdacarrier |
||
| 650 |
_aentrepreneurs _951 |
||
| 650 |
_aFinancing schemes _919965 |
||
| 710 | _aUtusan Malaysia | ||
| 856 | _zRequest full-text at [email protected] | ||
| 942 | _2lcc | ||
| 942 | _cNEWS | ||
| 942 | _kNWSC 006000 | ||
| 999 |
_c20656 _d20656 |
||